| 000 | 01353nam a2200349Ia 4500 | ||
|---|---|---|---|
| 001 | ebr10505571 | ||
| 003 | CaPaEBR | ||
| 006 | m u | ||
| 007 | cr cn||||||||| | ||
| 008 | 020610s2002 caua s o100 0 eng d | ||
| 010 | _z 2002401509 | ||
| 020 | _z9780833031495 | ||
| 020 | _z9780833032577 | ||
| 020 | _z083303149X | ||
| 040 |
_aCaPaEBR _cCaPaEBR |
||
| 035 | _a(OCoLC)51550862 | ||
| 050 | 1 | 4 |
_aT55.3.P75 _bP75 2002eb |
| 082 | 0 | 4 |
_a628.9/2 _221 |
| 245 | 0 | 0 |
_aProtecting emergency responders _h[electronic resource] : _blessons learned from terrorist attacks / _cBrian A. Jackson ... [et al.]. |
| 260 |
_aSanta Monica, Calif. : _bRand, _cc2002. |
||
| 300 |
_axx, 89 p. : _bill. |
||
| 533 |
_aElectronic reproduction. _bPalo Alto, Calif. : _cebrary, _d2011. _nAvailable via World Wide Web. _nAccess may be limited to ebrary affiliated libraries. |
||
| 650 | 0 | _aProtective clothing. | |
| 650 | 0 |
_aIndustrial safety _vCongresses. |
|
| 650 | 0 |
_aEmployees _xSafety measures _vCongresses. |
|
| 655 | 7 |
_aElectronic books. _2local |
|
| 700 | 1 |
_aJackson, Brian A., _d1972- |
|
| 710 | 2 | _aRand Corporation. | |
| 710 | 2 | _aNational Institute for Occupational Safety and Health. | |
| 710 | 2 | _aebrary, Inc. | |
| 856 | 4 | 0 |
_uhttp://site.ebrary.com/lib/rucke/Doc?id=10505571 _zAn electronic book accessible through the World Wide Web; click to view |
| 999 |
_c219959 _d219959 |
||